000 01036nam a22003257a 4500
001 BR7701428
003 BR-BrBNA
005 20230928085214.0
007 ta
008 230509b bl.||||| |||| 00| 0 por d
040 _aBR-BrBNA
_bpor
_cBiblioteca Nacional de Agricultura
041 _a(Por)
072 _aL30; L50; L10
_b5214
090 _ 5214 BR7701428
100 1 _aFaria, P.F.L.
110 1 _aUniversidade Federal de Minas Gerais, Belo Horizonte (Brasil). Escola de Veterinaria
_0Tese (Mestrado)
245 1 _aInfluencia do nivel de alimentacao sobre o crescimento e idade a primeira fecundacao de novilhas leiteiras
260 3 _aBelo Horizonte, MG (Brasil):
_c1976.
300 _a29 p.
500 _a6 illus.; 32 ref.; Summaries (Eng, Por)
650 _aNutricao animal
650 _aFisiologia animal
650 _aGenetica animal
650 _aGado leiteiro
650 _aNovilho leiteiro
650 _aCrescimento
650 _aFecundacao animal
909 _a202309
_bLucia
_c55
_dLucia Elande
942 _cBK
999 _c23273
_d23273